000 01179naa a22003017a 4500
001 BR8601956
003 BR-BrBNA
005 20240918175701.0
007 ta
008 230509b bl.||||| |||| 00| 0 por d
040 _aBR-BrBNA
_bpor
_cBiblioteca Nacional de Agricultura
041 _a(Pt)
072 _aF02
_b1610
090 _aF02 BR8601956
100 1 _aAssis, M. de
100 1 _aOliveira, E.A.
111 1 _a1. e 2. Reuniao Tecnica Anual de Hortalicas
_cPorto Alegre, RS (Brazil); Rio Grande, RS (Brazil)
_d26-29 May 1983; 16-19 Oct 1984
245 1 _aMultiplicacao "in vitro" de aspargo
246 1 _a[Multiplication "in vitro" of asparagus]
246 1 _a[Proceedings of the 1. and 2. Technical Yearly Meeting on Vegetables 1983 and 1984]
260 3 _aPorto Alegre, RS (Brasil):
_c1985.
500 _aAta da 1. e 2. Reuniao Tecnica Anual de Hortalicas Porto Alegre, RS (Brasil): 1985. p. 134 (BR8601956-AM)F02
650 _aASPARGO
650 _aCULTURA DE TECIDO
773 0 _tAta da 1. e 2. Reuniao Tecnica Anual de Hortalicas
_wF02 BR8601956
_gPorto Alegre, RS (Brasil), 1985. p. 134
909 _a202404
_bLucia
_c55
_dLucia Elande
942 _cAM
_2AGRIS
999 _c317768
_d317768